000 00647nam a22001937a 4500
003 DO-CoUTE
005 20260520140151.0
008 260520b dr ||||| |||| 00| 0 spa d
040 _aDO-CoUTE
_bspa
_cDO-CoUTE
082 _aRD972.93054F827b
100 1 _aFranjul, Miguel
_eAutor
245 1 0 _aBosch : noventa días de clandestinidad /
_cMiguel Franjul
260 _aSanto Domingo, República Dominicana ;
_bFranjul, Analista & Asesores,
_c1998
300 _a233 Paginas :
_c22cm,
504 _aIncluye referencia bibliográfica e índice
650 4 _aPersecuciones políticas
700 1 _aMiguel Franjul
_eAutor
942 _2ddc
_cBK
999 _c24207
_d24207